1778 1870 1115 1157 1348 1947 1571 1722 1850 1665 1081 1970 1981 1258 1804 1134 1219 1024 1137 1814 1332 1684 1742 1663 1851 1135 1101 1761 1428 1654 1276 1814 1791 1830 1019 1413 1405 1254 1502 1738 1244 1285 1978 1428 1064 1638 1869 1837 1288 1588 1310 1660 1097 1862 1831 1952 1472 1421 1283 1857 1932 1688 1945 1460 1191 1541 1048 1217 1114 1744 1678 1020 1934 1601 1291 1564 1951 1022 1777 1129 1530 1469 1871 1724 1765 1931 1164 1593 1393 1314 1651 1908 1130 1497 1413 1875 1296 1523 1029 BCNSPRNW ULIB Ver.6.0+V

เปลี่ยนเป็นภาษาไทย

Change to English
 แสดงรายละเอียดบรรณานุกรม
  กลับหน้าหลัก

Brief Record : Get Marc (ISO 2709) : E-mail record : QR code < ปิดหน้าต่าง
LEADER : 00000nam 2200000uu 4500
001    13399112501
003     ULIB
008    110819s2543||||th 000 0 tha d
020    9747055023(ล.11)
050  4 LB3051^bอ825ข ล.11 2543
100 0  อุทุมพร (ทองอุไทย) จามรมาน
245 10 ข้อสอบ : การสร้างและการพัฒนา เล่มที่ 11=^bTest items : construction and development /^cโดย อุทุมพร (ทองอุไทย) จามรมาน
246 31 Test items : construction and development
250    พิมพ์ครั้งที่ 1
260    กรุงเทพฯ :^bฟันนี่พับบลิชชิ่ง,^c2543
300    89 หน้า ;^c22 ซม.
650  4 ข้อสอบ
945    ^p40^l0^i019094
995    ทศพร
999 ^a ทศพร
รายการนี้ยังไม่มีแท็ก
คุณยังไม่ได้ล็อกอิน คุณสามารถมีกิจกรรมร่วมกับเว็บไซต์ได้ แต่ต้องล็อกอินก่อน ::
  ล็อกอิน

รายการสื่อสารสนเทศ

ลำดับที่ ประเภท เลขเรียก/บาร์โค้ด สถานที่ สถานะ
- ไม่พบข้อมูล -

รายการใกล้เคียง
    ผู้แต่ง [อุทุมพร (ทองอุไทย) จามรมาน]

    หัวเรื่อง [ข้อสอบ]

BibComment


ยังไม่เคยถูกคอมเมนท์

คอมเมนท์ทรัพยากรรายการนี้
  คอมเมนท์: ข้อสอบ การสร้างแ..


 Copyright 2026. Bcnsprnw @Library